| 000 | 00472 a2200205 4500 | ||
|---|---|---|---|
| 001 | 138495 | ||
| 020 | _a9788508182657 | ||
| 040 | _cLeonardo Da Vinci | ||
| 041 | _aPortuguês | ||
| 082 |
_a028.5 F894c _bF894c |
||
| 100 | _aFRANCO, Silvia Cintra | ||
| 245 | _aConfusões e calafrios | ||
| 250 | _a5.ed. | ||
| 260 |
_bÁtica _c2016 _aSão Paulo |
||
| 300 | _a162 | ||
| 362 | _a20160000 | ||
| 490 | _aVaga-lume | ||
| 500 | _aBiblioteca Alphaville 2 | ||
| 942 | _cBK | ||
| 999 |
_c138495 _d138495 |
||